Logo BPK

Biblioteka

Politechniki Koszalińskiej

Innowacje techniczne : (Rekord nr 34599)

Szczegóły MARC
000 -ETYKIETA REKORDU
podpole kontrolne o stałej długości 00661nam a2200229 i 4500
001 - NUMER KONTROLNY REKORDU
pole kontrolne bg
020 ## - MIĘDZYNARODOWY ZNORMALIZOWANY NUMER KSIĄŻKI - ISBN
ISBN 8371990383
040 ## - ŹRÓDŁO KATALOGOWANIA
Instytucja, która utworzyła rekord BPK
041 0# - KOD JĘZYKA
Kod języka tekstu pl
080 ## - UNIWERSALNA KLASYFIKACJA DZIESIĘTNA - UKD
UKD 62::008:001.895](075.8)
920 ## - Międzynarodowy znormalizowany numer książki – ISBN
ISBN 83-7199-038-3
008 - POLE O STAŁEJ DŁUGOŚCI - DANE KONTROLNE
podpole kontrolne o stałej długości s pl f |000 0 pol
100 1# - NAZWA OSOBOWA
Nazwa osobowa BUDZIŃSKI, Franciszek
245 10 - TYTUŁ/ODPOWIEDZIALNOŚĆ
Tytuł Innowacje techniczne :
Ciąg dalszy tytułu geneza i rozwój /
Pozostałe elementy strefy tytułu i oznaczenia odpowiedzialności Franciszek Budziński, Marek Mróz.
260 ## - STREFA ADRESU WYDAWNICZEGO
Miejsce wydania Rzeszów :
Nazwa wydawcy/dystrybutora Oficyna Wydaw. Politechniki Rzeszowskiej,
Data publikacji, dystrybucji/powstania dokumentu 1998.
300 ## - STREFA OPISU FIZYCZNEGO
Objętość 90 s. ;
Rozmiary 24 cm.
504 ## - UWAGA DOTYCZĄCA BIBLIOGRAFII
Informacje o bibliografii Bibliogr. s. 89-90.
650 #9 - HASŁO PRZEDMIOTOWE W FORMIE NAZWY OGÓLNEJ LUB JEDNOSTKOWEJ
Nazwa ogólna lub geograficzna Innowacje
650 #9 - HASŁO PRZEDMIOTOWE W FORMIE NAZWY OGÓLNEJ LUB JEDNOSTKOWEJ
Nazwa ogólna lub geograficzna Postęp techniczny
Określnik ogólny zagadnienia
700 1# - HASŁO DODATKOWE - NAZWA OSOBOWA
Nazwa osobowa MRÓZ, Marek
856 ## - LOKALIZACJA I DOSTĘP DO ELEKTRONICZNYCH DOKUMENTÓW ZDALNYCH
Link (URL) http://koha.tu.koszalin.pl/cgi-bin/koha/opac-detail.pl?biblionumber=34599
Tekst linku Katalog online BPK
942 ## - DODATKOWE ELEMENTY (KOHA)
Typ dokumentu Książka
Egzemplarze
Wycofany Status egzemplarza Uszkodzony Dostępność Lokalizacja stała Lokalizacja bieżąca Miejsce przechowywania Sygnatura Kod kreskowy Ostatnio wypożyczono Typ dokumentu
      Dostępny Biblioteka Politechniki Koszalińskiej Biblioteka Politechniki Koszalińskiej Wypożyczalnia BG 47950 01403428 17.03.2016 Książka
© 2023 Biblioteka Politechniki Koszalińskiej :: KOHA